| 000 | 00783nam a2200277Ia 4500 | ||
|---|---|---|---|
| 005 | 20250425161912.0 | ||
| 008 | 250425s9999 xx 000 0 und d | ||
| 020 | _a9221101665 | ||
| 041 | _aeng | ||
| 043 | _ait | ||
| 082 | _a658.5 | ||
| 100 | _aPROKOPENKO, JOSEPH | ||
| 245 | 0 | _aPRODUCTIVITY AND QUALITY MANAGEMENT: A MODULAR PROGRAMME | |
| 250 | _aS.E. | ||
| 260 |
_aGENOVA _bINTERNATIONAL LABOUR OFFICE |
||
| 260 |
_aItalia _bINTERNATIONAL LABOUR OFFICE _c1996 |
||
| 300 | _a200 | ||
| 500 | _aPARTE II HIGH POTENCIAL PRODUCTIVITY AND QUALITY IMPROVEMENT AREAS | ||
| 650 | _aCONTROL DE CALIDAD | ||
| 650 | _aCONTROL DE LA PRODUCCION | ||
| 650 | _aDIRECCION | ||
| 650 | _aPRODUCCION | ||
| 710 | _aINTERNATIONAL LABOUR OFFICE | ||
| 942 | _c01 | ||
| 010 | _a34299 | ||
| 999 |
_c218477 _d218477 |
||